| 000 | 00930nam a22003017a 4500 | ||
|---|---|---|---|
| 001 | 7060 | ||
| 003 | FISKH | ||
| 005 | 20250619143745.0 | ||
| 008 | 250619b cb ||||| |||| 00| 0 eng d | ||
| 020 | _a9780194791304 | ||
| 040 |
_aFISKH _beng _cFISKH _dFISKH |
||
| 050 | _aPE1119 | ||
| 082 | _a428 | ||
| 100 | _aVivary, Tim | ||
| 245 |
_aSkyjack ! / _cBy Tim Vicary |
||
| 260 |
_aNew York : _bOxford University Press , _c2008. |
||
| 300 |
_a72 pages : _billustrations ; _c20 cm. |
||
| 490 | _aOxford Bookworms | ||
| 505 | _aS | ||
| 520 | _aAs Prime Minister, Helen Sandberg must make some tough decisions when terrorists hijack a plane on which her husband is a passenger. | ||
| 521 | 8 |
_a790
_bLexile estimate |
|
| 521 | 8 |
_aS
_bRaz-Plus |
|
| 650 |
_aThriller _vFiction |
||
| 700 |
_aBassett , Jennifer _eSeries Editor |
||
| 700 |
_aGibb, Ramsay _eIllustrator |
||
| 942 |
_2ddc _cBK _n0 |
||
| 999 |
_c7060 _d7060 |
||